|
|
|
|
| LEADER |
01050naa a2200229 i 4500 |
| 001 |
acta77102 |
| 005 |
20221117110642.0 |
| 008 |
221117s2009 hu o 1|| eng d |
| 020 |
|
|
|a 978-963-88468-3-9
|
| 040 |
|
|
|a SZTE Egyetemi Kiadványok Repozitórium
|b hun
|
| 041 |
|
|
|a eng
|
| 100 |
1 |
|
|a Bianchi Annamaria
|
| 245 |
1 |
0 |
|a Modeling some entrepreneurship factors
|h [elektronikus dokumentum] :
|b [absztrakt] /
|c Bianchi Annamaria
|
| 260 |
|
|
|a Universitas Szeged Press
|b Szeged
|c 2009
|
| 300 |
|
|
|a 63
|
| 490 |
0 |
|
|a Challenges for Analysis of the Economy, the Businesses, and Social Progress : abstract book
|
| 650 |
|
4 |
|a Társadalomtudományok
|
| 650 |
|
4 |
|a Közgazdasági és gazdálkodástudományok
|
| 695 |
|
|
|a Vállalkozás - előadáskivonat
|
| 700 |
0 |
1 |
|a Biffignandi Silvia
|e aut
|
| 711 |
|
|
|a Challenges for Analysis of the Economy, the Businesses, and Social Progress International Scientific Conference
|c Szeged
|d 2009. november 19-21.
|
| 856 |
4 |
0 |
|u http://acta.bibl.u-szeged.hu/77102/1/challenges_for_analysis_of_the_economy_063.pdf
|z Dokumentum-elérés
|